01788nam a2200421 a 4500001001200000003000800012006001900020007001500039008004100054010001700095020001500112040002100127035002000148050002400168082001700192245011600209260007000325300002400395490003200419504006400451533015200515650003900667650006600706650005500772650005100827650005000878650004900928650004500977650003601022650003501058655002901093700003001122700002101152710001701173830003301190856012601223999001701349ebr10073548CaPaEBRm u cr cn|||||||||020612s2003 enka sb 001 0 eng  z 2002073585 z0521822645 aCaPaEBRcCaPaEBR a(OCoLC)5730901414aPE2922b.E54 2003eb04a427/.97522100aEnglish in the southern United Statesh[electronic resource] /cedited by Stephen J. Nagle and Sara L. Sanders. aCambridge, U.K. ;aNew York :bCambridge University Press,c2003. axiv, 244 p. :bill.1 aStudies in English language aIncludes bibliographical references (p. 208-232) and index. aElectronic reproduction.bPalo Alto, Calif. :cebrary,d2013.nAvailable via World Wide Web.nAccess may be limited to ebrary affiliated libraries. 0aEnglish languagezSouthern States. 0aEnglish languagezSouthern StatesxForeign elementsxAfrican. 0aEnglish languagexSocial aspectszSouthern States. 0aAfrican AmericanszSouthern StatesxLanguages. 0aEnglish languagexVariationzSouthern States. 0aEnglish languagexDialectszSouthern States. 0aAfrican languagesxInfluence on English. 0aBlack EnglishzSouthern States. 0aAmericanismszSouthern States. 7aElectronic books.2local1 aNagle, Stephen J.,d1948-1 aSanders, Sara L.2 aebrary, Inc. 0aStudies in English language.40uhttp://site.ebrary.com/lib/rucke/Doc?id=10073548zAn electronic book accessible through the World Wide Web; click to view c34153d34153